When Marian sang : (Record no. 2998)

MARC details
000 -LEADER
fixed length control field 01321cam a22003134a 4500
005 - DATE AND TIME OF LATEST TRANSACTION
control field 20260324082756.0
020 ## - INTERNATIONAL STANDARD BOOK NUMBER
International Standard Book Number 9780439577816
040 ## - CATALOGING SOURCE
Original cataloging agency DLC
Transcribing agency DLC
Modifying agency DLC
Language of cataloging eng
050 00 - LIBRARY OF CONGRESS CALL NUMBER
Classification number ML3930.A5
082 00 - DEWEY DECIMAL CLASSIFICATION NUMBER
Classification number 782.1092
100 1# - MAIN ENTRY--PERSONAL NAME
Personal name Ryan, Pam Muñoz
245 10 - TITLE STATEMENT
Title When Marian sang :
Remainder of title the true recital of Marian Anderson : the voice of a century /
Statement of responsibility, etc. libretto [i.e. text] by Pam Muñoz Ryan ; staging [i.e. illustrations] by Brian Selznick.
250 ## - EDITION STATEMENT
Edition statement First paperback printing, September 2003
260 ## - PUBLICATION, DISTRIBUTION, ETC.
Place of publication, distribution, etc. New York :
Name of publisher, distributor, etc. Scholastic ,
Date of publication, distribution, etc. 2002
300 ## - PHYSICAL DESCRIPTION
Extent 32 unnumbered pages :
Other physical details color illustrations ;
Dimensions 24 cm .
505 ## - FORMATTED CONTENTS NOTE
Formatted contents note Z <br/>
520 ## - SUMMARY, ETC.
Summary, etc. An introduction to the life of Marian Anderson, extraordinary singer and civil rights activist, who was the first African American to perform at the Metropolitan Opera, whose life and career encouraged social change.
521 ## - TARGET AUDIENCE NOTE
Target audience note 920 <br/>
Source Lexile <br/>
521 ## - TARGET AUDIENCE NOTE
Target audience note Z <br/>
Source Raz-Plus <br/>
650 #0 - SUBJECT ADDED ENTRY--TOPICAL TERM
Topical term or geographic name entry element Contraltos
Geographic subdivision United States
Form subdivision Biography
-- Juvenile literature.
650 #0 - SUBJECT ADDED ENTRY--TOPICAL TERM
Topical term or geographic name entry element African American singers
Form subdivision Biography
-- Juvenile literature.
650 #1 - SUBJECT ADDED ENTRY--TOPICAL TERM
Topical term or geographic name entry element Singers.
650 #1 - SUBJECT ADDED ENTRY--TOPICAL TERM
Topical term or geographic name entry element African Americans
Form subdivision Biography.
650 #1 - SUBJECT ADDED ENTRY--TOPICAL TERM
Topical term or geographic name entry element Women
Form subdivision Biography.
700 1# - ADDED ENTRY--PERSONAL NAME
Personal name Selznick , Brian
Relator term illustrator
906 ## - LOCAL DATA ELEMENT F, LDF (RLIN)
a 7
b cbc
c orignew
d 1
e ocip
f 20
g y-gencatlg
942 ## - ADDED ENTRY ELEMENTS (KOHA)
Source of classification or shelving scheme Dewey Decimal Classification
Koha item type Books
Suppress in OPAC No
999 ## -
-- 2998
-- 2998
Holdings
Withdrawn status Lost status Source of classification or shelving scheme Damaged status Not for loan Collection Home library Current library Shelving location Date acquired Total Checkouts Full call number Barcode Date last seen Copy number Price effective from Koha item type
    Dewey Decimal Classification     Non-Fiction Footprints International School Library Network Toul Tom Poung Campus Footprints International School Library Network Toul Tom Poung Campus TTP Secondary Non-Fiction Bookshelves 01/30/2024   RYA 782.1092 ML3930.A5 FISTK01880 01/30/2024 1 01/30/2024 Books
    Dewey Decimal Classification     Non-Fiction Footprints International School Library Network Toul Tom Poung Campus Footprints International School Library Network Toul Tom Poung Campus TTP Secondary Non-Fiction Bookshelves 03/05/2026   RYA 782.1092 ML3930.A5 FIS02185 03/05/2026 2 03/05/2026 Books
    Dewey Decimal Classification     Non-Fiction Footprints International School Library Network Toul Tom Poung Campus Footprints International School Library Network Toul Tom Poung Campus TTP Secondary Non-Fiction Bookshelves 03/24/2026   RYA 782.1092 ML3930.A5 FISBK06045 03/24/2026 3 03/24/2026 Books